000
00352 a2200169 4500
001
72387
020
_a
9788526277113
040
_c
Anchieta - Colégio São Paulo
100
_a
Angeli, José
240
1
0
_a
Ilíada
_l
por
245
1
0
_a
Ilíada
300
_a
96
362
0
_a
2001
440
1
_a
Scipione
650
4
_a
Literatura juvenil
942
_c
BK
999
_c
72387
_d
72387